<?xml version="1.0" encoding="UTF-8"?>
<collection xmlns="http://www.loc.gov/MARC21/slim">
 <record>
  <leader>00782cam a22002414a 4500</leader>
  <controlfield tag="001">DCC.dcic000310</controlfield>
  <controlfield tag="008">000615m19999999caua##########001#0#eng##</controlfield>
  <controlfield tag="005">20151123150410.0</controlfield>
  <datafield tag="245" ind1="1" ind2="0">
   <subfield code="a">Graphic Java 1.2 :</subfield>
   <subfield code="b">mastering the JFC /</subfield>
   <subfield code="c">David M. Geary.</subfield>
  </datafield>
  <datafield tag="250" ind1=" " ind2=" ">
   <subfield code="a">3rd ed.</subfield>
  </datafield>
  <datafield tag="260" ind1=" " ind2=" ">
   <subfield code="a">Palo Alto, Calif. :</subfield>
   <subfield code="b">Sun Microsystems,</subfield>
   <subfield code="c">c1999-</subfield>
  </datafield>
  <datafield tag="300" ind1=" " ind2=" ">
   <subfield code="a">v. &lt;1   &gt; :</subfield>
   <subfield code="b">il. ;</subfield>
   <subfield code="c">24 cm. +</subfield>
   <subfield code="e">+1 computer laser optical disc (4 3/4 in.)</subfield>
  </datafield>
  <datafield tag="440" ind1=" " ind2="4">
   <subfield code="a">The Sun Microsystems Press Java series</subfield>
  </datafield>
  <datafield tag="505" ind1="1" ind2=" ">
   <subfield code="a">v. 1. AWT.</subfield>
  </datafield>
  <datafield tag="020" ind1=" " ind2=" ">
   <subfield code="a">0130796662</subfield>
  </datafield>
  <datafield tag="100" ind1="1" ind2=" ">
   <subfield code="a">Geary, David M.</subfield>
  </datafield>
  <datafield tag="082" ind1="0" ind2="0">
   <subfield code="a">006.6/6</subfield>
   <subfield code="2">21</subfield>
  </datafield>
  <datafield tag="650" ind1=" " ind2="0">
   <subfield code="a">Java (Computer program language)</subfield>
  </datafield>
  <datafield tag="630" ind1="0" ind2="0">
   <subfield code="a">Java foundation classes.</subfield>
  </datafield>
  <datafield tag="010" ind1=" " ind2=" ">
   <subfield code="a">   00268646 </subfield>
  </datafield>
  <datafield tag="040" ind1=" " ind2=" ">
   <subfield code="a">DLC</subfield>
   <subfield code="c">DLC</subfield>
  </datafield>
  <datafield tag="050" ind1="0" ind2="0">
   <subfield code="a">QA76.73.J38</subfield>
   <subfield code="b">G4278 1999</subfield>
  </datafield>
  <datafield tag="859" ind1=" " ind2=" ">
   <subfield code="a">DCIC</subfield>
   <subfield code="b">BIB. COMPUTACION</subfield>
   <subfield code="p">0406</subfield>
  </datafield>
 </record>
</collection>
